[Event "Famalicao op 3rd"]
[Site "Famalicao"]
[Date "2015.08.07"]
[Round "7"]
[White "Fernandes, Silvio"]
[Black "Silva, Luis Neves Da"]
[Result "0-1"]
[WhiteElo "1844"]
[BlackElo "2334"]
[PlyCount "58"]
[EventDate "2015.08.02"]
[EventType "swiss"]
[EventRounds "7"]
[EventCountry "POR"]
[SourceTitle "CBM 167 Extra"]
[Source "ChessBase"]
[SourceDate "2015.09.14"]
[SourceVersion "1"]
[SourceVersionDate "2015.09.14"]
[SourceQuality "1"]

1. e4 c5 2. Nc3 Nc6 3. Nf3 Nf6 4. d4 cxd4 5. Nxd4 e5 6. Nxc6 bxc6 7. Bd3 Be7 8. 0-0 0-0 9. f4 Qb6+ 10. Kh1 d6 11. h3 exf4 12. Rxf4 Nd7 13. Rb1 Ne5 14. Be2 Be6 15. Rf1 a5 16. Qe1 a4 17. a3 Ng6 18. Qf2 Qxf2 19. Rxf2 Bf6 20. Bd2 Rfb8 21. Rff1 Ra7 22. Kh2 Ne5 23. Be3 Ra5 24. Rfd1 Bc4 25. Bd2 Ra6 26. Bf4 Bxe2 27. Nxe2 Nc4 28. Bxd6 Nxd6 29. Rxd6 Be5+ 0-1

[Event "Famalicao op 3rd"]
[Site "Famalicao"]
[Date "2015.08.03"]
[Round "2"]
[White "Rodriguez Lopez, Rafael"]
[Black "Fernandes, Silvio"]
[Result "1-0"]
[WhiteElo "2255"]
[BlackElo "1844"]
[PlyCount "49"]
[EventDate "2015.08.02"]
[EventType "swiss"]
[EventRounds "7"]
[EventCountry "POR"]
[SourceTitle "CBM 167 Extra"]
[Source "ChessBase"]
[SourceDate "2015.09.14"]
[SourceVersion "1"]
[SourceVersionDate "2015.09.14"]
[SourceQuality "1"]

1. e4 e6 2. d4 d5 3. Nc3 dxe4 4. Nxe4 Nf6 5. Nxf6+ Qxf6 6. Nf3 h6 7. Bd3 Bd6 8. Qe2 Nc6 9. c3 Ne7 10. 0-0 c6 11. Nd2 Nd5 12. Ne4 Qe7 13. Nxd6+ Qxd6 14. Qg4 Kf8 15. Re1 Qc7 16. Qf3 Bd7 17. c4 Nf6 18. Bf4 Qd8 19. Rad1 Kg8 20. Be5 Ne8 21. d5 exd5 22. cxd5 Qa5 23. Bc3 Qa4 24. Re4 Qxa2 25. Re7 1-0

[Event "World Amateur-ch"]
[Site "Chalkidiki"]
[Date "2015.04.16"]
[Round "4"]
[White "Al Hamlan, Faisal"]
[Black "Fernandes, Silvio"]
[Result "0-1"]
[WhiteElo "1961"]
[BlackElo "1855"]
[PlyCount "85"]
[EventDate "2015.04.14"]
[EventType "team-swiss"]
[EventRounds "9"]
[EventCountry "GRE"]
[SourceTitle "CBM 166 Extra"]
[Source "ChessBase"]
[SourceDate "2015.06.18"]
[SourceVersion "1"]
[SourceVersionDate "2015.06.18"]
[SourceQuality "1"]

1. e4 d5 2. exd5 Qxd5 3. Nc3 Qa5 4. Nf3 Bg4 5. h3 Bh5 6. Be2 Nf6 7. 0-0 e6 8. Nd4 Bxe2 9. Qxe2 c6 10. Re1 Be7 11. d3 0-0 12. Nxe6 fxe6 13. Qxe6+ Rf7 14. Qc8+ Bf8 15. Bf4 Qb6 16. Bxb8 Nd7 17. Re8 Qxf2+ 18. Kh1 Rxb8 19. Rxf8+ Rxf8 20. Qxd7 Qxc2 21. Re1 Qxb2 22. Ne4 Qxa2 23. Nd6 Rbd8 24. Qc7 Qf2 25. Re7 Qg3 26. Rf7 Rxd6 27. Rxf8+ Kxf8 28. Qc8+ Kf7 29. Qf5+ Rf6 30. Qh5+ Qg6 31. Qe2 Qf5 32. Qa2+ Kg6 33. d4 Qf1+ 34. Kh2 Qf4+ 35. Kh1 Qxd4 36. Qb1+ Kh6 37. Qc1+ Qf4 38. Qc5 b6 39. Qa3 a5 40. Kg1 c5 41. Qb3 a4 42. Qa3 Rg6 43. Qb2 0-1